| 000 | 00387 a2200169 4500 | ||
|---|---|---|---|
| 001 | 169279 | ||
| 020 | _a85-322-2053-3 | ||
| 040 | _cMagnum | ||
| 100 | _aBoulos Junior, Alfredo | ||
| 240 | 1 | 0 |
_a7 De setembro: independĂȘncia _lpor |
| 245 | 1 | 0 | _a7 De setembro: independĂȘncia |
| 300 | _a36 | ||
| 362 | 0 | _a1996 | |
| 440 | 1 | _aFTD | |
| 697 | _aLITERATURA INFANTO-JUVENIL | ||
| 942 | _cBK | ||
| 999 |
_c169279 _d169279 |
||